Music Quiz

Random Music or Song Quiz

Songs on Bringing It All Back Home Quiz Stats

 Plays Quiz Updated Apr 2, 2020

Support Sporcle.
Go Orange.
Score 0/11 Timer 03:00
0 Plays Today
Side % Correct
Side 1Subterranean Homesick Blues
78.8%
Side 1Maggie's Farm
75.6%
Side 2Mr. Tambourine Man
70.9%
Side 2It's Alright, Ma (I'm Only Bleeding)
68.5%
Side 2Gates of Eden
63.7%
Side 2It's All Over Now, Baby Blue
63.2%
Side 1Love Minus Zero/No Limit
57.7%
Side 1She Belongs to Me
56.7%
Side 1Bob Dylan's 115th Dream
50.5%
Side 1Outlaw Blues
41.6%
Side 1On the Road Again
37.1%

You're not logged in!

Compare scores with friends on all Sporcle quizzes.
OR
Log In

From the Vault

Letter Pattern: _ Q U _ _ _

by caramba

Make sure and prepare for this quiz by doing squats!
Remove Ads.
Support Sporcle.
Get the best of Sporcle when you Go Orange. This ad-free experience offers more features, more stats, and more fun while also helping to support Sporcle. Thank you for becoming a member.

Show Comments

Extras

Top Quizzes Today


Score Distribution

Your Account Isn't Verified!

In order to create a playlist on Sporcle, you need to verify the email address you used during registration. Go to your Sporcle Settings to finish the process.

Report this User

Report this user for behavior that violates our Community Guidelines.

Details: